[Event "POR-ch sf"]
[Site "Amadora"]
[Date "2009.09.11"]
[Round "8"]
[White "Rego, Pedro Filipe"]
[Black "Soares, Luis Francisco Alme"]
[Result "1/2-1/2"]
[WhiteElo "2156"]
[BlackElo "2047"]
[PlyCount "205"]
[EventDate "2009.09.05"]
[EventType "swiss"]
[EventRounds "9"]
[EventCountry "POR"]
[SourceTitle "EXT 2015"]
[Source "ChessBase"]
[SourceDate "2014.11.20"]
[SourceVersion "1"]
[SourceVersionDate "2014.11.20"]
[SourceQuality "1"]

1. e4 c5 2. d4 cxd4 3. c3 dxc3 4. Nxc3 Nc6 5. Nf3 e6 6. Bc4 a6 7. a4 Bb4 8. 0-0 Nge7 9. Bf4 0-0 10. Bd6 Bxd6 11. Qxd6 Ng6 12. Rad1 Qf6 13. Rfe1 Nce5 14. Nxe5 Qxe5 15. Bf1 Rb8 16. Qb6 h5 17. g3 Ra8 18. f4 Qb8 19. a5 h4 20. Rd6 hxg3 21. hxg3 Qa7 22. Na4 Qxb6+ 23. Nxb6 Rb8 24. Rc1 Ne7 25. Rc5 Rd8 26. Kf2 Nc6 27. e5 Kf8 28. Bxa6 Nxa5 29. Be2 Nc6 30. Ke3 Ke7 31. Rc4 g5 32. b4 Ke8 33. Bh5 Ne7 34. g4 Nd5+ 35. Nxd5 exd5 36. Rxd5 b5 37. Rcd4 Bb7 38. Rd6 Ra8 39. f5 Ra3+ 40. Rd3 Rxd3+ 41. Kxd3 Ke7 42. Kd4 Rc8 43. Bxf7 Bf3 44. Bd5 Bxg4 45. Ke4 Bh3 46. Rg6 Bg2+ 47. Kd4 Bxd5 48. Kxd5 Rc4 49. Rg7+ Ke8 50. Rxg5 Rxb4 51. f6 Rb1 52. Rg8+ Kf7 53. Rg7+ Ke8 54. Re7+ Kd8 55. Kd6 Rd1+ 56. Kc5 Rb1 57. Rh7 Ke8 58. Rh8+ Kf7 59. Kd6 Rd1+ 60. Kc7 Rd5 61. Rh7+ Kf8 62. Rxd7 Rxe5 63. Kd6 Re1 64. Rb7 Rb1 65. Ke6 Re1+ 66. Kf5 Rf1+ 67. Kg6 Rg1+ 68. Kf5 Rf1+ 69. Ke5 Re1+ 70. Kd5 Rb1 71. Kd6 Rd1+ 72. Kc5 Rb1 73. Kd5 Rd1+ 74. Ke6 Re1+ 75. Kf5 Rf1+ 76. Kg5 Rg1+ 77. Kh6 Rh1+ 78. Kg6 Rg1+ 79. Kf5 Rf1+ 80. Ke4 Rxf6 81. Rxb5 Ra6 82. Kf5 Kg8 83. Re5 Kf7 84. Rc5 Kg8 85. Re5 Kf7 86. Rb5 Kg8 87. Rb8+ Kf7 88. Rb7+ Kg8 89. Rc7 Kf8 90. Rb7 Kg8 91. Kg5 Kf8 92. Rb5 Kg7 93. Kf5 Kf7 94. Kg5 Kg7 95. Kh5 Kh7 96. Rb7+ Kg8 97. Kg5 Kh8 98. Rd7 Kg8 99. Rc7 Kh8 100. Kf5 Kg8 101. Re7 Kf8 102. Re6 Rxe6 103. Kxe6 1/2-1/2